| 000 | 00470nam a2200181Ia 4500 | ||
|---|---|---|---|
| 001 | 16111 | ||
| 005 | 20260306170245.0 | ||
| 008 | 260306t2002||||xx |||||||||||||| ||und|| | ||
| 041 | _aESP | ||
| 082 |
_a346.61 _bC34 T.2 |
||
| 100 |
_aCastillo Freyre, Mario _eAUT |
||
| 245 | 0 |
_aTratado de los contratos tÃpicos: _bel contrato de muto, el contrato de arrendamiento |
|
| 260 | _c2002 | ||
| 300 |
_a _c |
||
| 650 | _aGEN | ||
| 654 | _aCDE | ||
| 942 |
_cLIB _dJUS _fJUS _2ddc _n |
||
| 999 |
_c16111 _d16111 |
||